[Event "Continental op 49th"]
[Site "Sturbridge"]
[Date "2019.08.18"]
[Round "8"]
[White "Bader, Jeremy"]
[Black "Rade, Danny M"]
[Result "1/2-1/2"]
[WhiteElo "1899"]
[BlackElo "1984"]
[PlyCount "49"]
[EventDate "2019.08.14"]
[EventType "swiss"]
[EventRounds "9"]
[EventCountry "USA"]
[SourceTitle "CBM 191 Extra"]
[Source "ChessBase"]
[SourceDate "2019.09.30"]
[SourceVersion "1"]
[SourceVersionDate "2019.09.30"]
[SourceQuality "1"]

1. e4 c5 2. Nf3 g6 3. d4 cxd4 4. Nxd4 Nc6 5. c4 Nf6 6. Nc3 d6 7. Be2 Nxd4 8. Qxd4 Bg7 9. Be3 0-0 10. Qd2 Be6 11. Rc1 Qa5 12. 0-0 Rfc8 13. b3 a6 14. f3 b5 15. Nd5 Qxd2 16. Bxd2 Nxd5 17. cxd5 Bd4+ 18. Kh1 Bd7 19. Rxc8+ Rxc8 20. Rc1 Rxc1+ 21. Bxc1 Kf8 22. Bd2 e6 23. dxe6 Bxe6 24. g4 f6 25. Kg2 1/2-1/2